000 00852nam a22002297a 4500
999 _c9132
_d9132
003 AR-CdUCM
008 190327b ||||| |||| 00| 0 spa d
040 _aMUNICIPALIDAD PROVINCIAL DEL CUSCO
_cBIBLIOTECA MUNICIPAL DEL CUSCO
082 _a250 /
_bG92
100 _aGuillermou, Alain
_925160
245 _aLos Jesuitas /
260 _aBarcelona :
_bOikos-tau S. A. ,
_c1970.
300 _a123 páginas ;
_c18cm
440 _aColección ¿Qué sé?
_n12
_925161
505 _aContenido: La vocación de la Compañía de Jesús -- El siglo de oro -- La era de las tribulaciones -- El espíritu jesuita -- La compañía de Jesús en el mundo de hoy
650 _aJesuitas
_925162
650 _aCompañía de Jesús
_915260
650 _aReligión
_91195
700 _aAlcaraz, Roberto (traducción)
_925163
942 _2ddc
_cLIBROS
945 _anom